Biblioteca y Centro de Documentación

Cómo entender el desastre (Registro nro. 46378)

Detalles MARC
000 -CABECERA
Longitud fija campo de control 00952naa a2200265 c 4500
001 - NÚMERO DE CONTROL
Número de control 46378
003 - IDENTIFICADOR DE NÚMERO DE CONTROL
Identificador del número de control ES-MaCES
005 - FECHA Y HORA DE LA ÚLTIMA TRANSACCIÓN
Fecha y hora de la última transacción 20150929124736.0
008 - CAMPO FIJO DE DESCRIPCIÓN FIJA--INFORMACIÓN GENERAL
Códigos de información de longitud fija   000000s2009 sp ||||| t||||||| ||spa d
040 ## - FUENTE DE CATALOGACIÓN
Centro catalogador de origen ES-MaCES
Lengua de catalogación spa
Centro transcriptor ES-MaCES
Centro modificado ES-MaCES
100 1# - ENCABEZAMIENTO PRINCIPAL--NOMBRE PERSONAL
9 (RLIN) 24262
Nombre de persona Solow, Robert M.
245 10 - MENCIÓN DE TÍTULO
Título Cómo entender el desastre
Mención de responsabilidad, etc. Robert M. Solow
600 14 - ASIENTO SECUNDARIO DE MATERIA--NOMBRE PERSONAL
9 (RLIN) 21276
Nombre de persona Posner, Richard A.
650 #4 - ASIENTO SECUNDARIO DE MATERIA--TÉRMINO DE MATERIA
9 (RLIN) 26781
Término de materia o nombre geográfico como elemento inicial economía
650 #4 - ASIENTO SECUNDARIO DE MATERIA--TÉRMINO DE MATERIA
9 (RLIN) 27123
Término de materia o nombre geográfico como elemento inicial sistema económico
650 #4 - ASIENTO SECUNDARIO DE MATERIA--TÉRMINO DE MATERIA
9 (RLIN) 27102
Término de materia o nombre geográfico como elemento inicial crisis económica
650 #4 - ASIENTO SECUNDARIO DE MATERIA--TÉRMINO DE MATERIA
9 (RLIN) 27122
Término de materia o nombre geográfico como elemento inicial doctrina económica
650 #4 - ASIENTO SECUNDARIO DE MATERIA--TÉRMINO DE MATERIA
9 (RLIN) 27116
Término de materia o nombre geográfico como elemento inicial capitalismo
650 #4 - ASIENTO SECUNDARIO DE MATERIA--TÉRMINO DE MATERIA
9 (RLIN) 28373
Término de materia o nombre geográfico como elemento inicial Estados Unidos
653 10 - TÉRMINO DE INDEXACIÓN--NO CONTROLADO
Término no controlado Economía
650 #4 - ASIENTO SECUNDARIO DE MATERIA--TÉRMINO DE MATERIA
9 (RLIN) 30761
Término de materia o nombre geográfico como elemento inicial sector financiero
773 0# - ENTRADA DE DOCUMENTO FUENTE
Itemnumber del ítem fuente 45643
Lugar, editor y fecha de publicación Madrid (Gran Vía, 32, 2ª planta, 28013) Promotora General de Revistas [PROGRESA]
Otro identificador del documento 074302
Título Claves de razón práctica
Número de control del registro relacionado (ES-MaCES)25251
Parte(s) relacionada(s) n. 193 (jun. 2009) {10237 R. 074302} ;p. 48-53
902 ## - CES. TIPO DE DOCUMENTO
Tipodoc (006$c Sirtex) ART Artículo de revista
942 ## - ELEMENTOS KOHA
Fuente de clasificaión o esquema Clasificación propia del CES
Koha [por defecto] tipo de item Artículos (1982-2017)
Parte de clasificación Economía

No hay ítems disponibles.

© CES, Consejo Económico y Social de España 2021